Evaluatie experimenten opvang van drugverslaafde gedetineerden
| Main Author: | |
|---|---|
| Format: | Print Book |
| Language: | Dutch |
| Published: |
's-Gravenhage
Ministerie van Justitie
1985
|
| In: |
Onderzoek en beleid (55)
Year: 1985 |
| Availability in Tübingen: | Present in Tübingen. UB: KB 8 E 405 |
| Check availability: | HBZ Gateway |
| Subito Delivery Service: | Order now. |
MARC
| LEADER | 00000cam a22000002c 4500 | ||
|---|---|---|---|
| 001 | 1090965966 | ||
| 003 | DE-627 | ||
| 005 | 20230427063748.0 | ||
| 007 | tu | ||
| 008 | 900711s1985 xx ||||| 00| ||dut c | ||
| 020 | |a 9012049407 |9 90-12-04940-7 | ||
| 035 | |a (DE-627)1090965966 | ||
| 035 | |a (DE-576)020965966 | ||
| 035 | |a (DE-599)BSZ020965966 | ||
| 035 | |a (OCoLC)14270549 | ||
| 040 | |a DE-627 |b ger |c DE-627 |e rakwb | ||
| 041 | |a dut | ||
| 100 | 1 | |a Meijboom, M. L. |4 aut | |
| 245 | 1 | 0 | |a Evaluatie experimenten opvang van drugverslaafde gedetineerden |c M. L. Meijboom |
| 264 | 1 | |a 's-Gravenhage |b Ministerie van Justitie |c 1985 | |
| 300 | |a 60 S. | ||
| 336 | |a Text |b txt |2 rdacontent | ||
| 337 | |a ohne Hilfsmittel zu benutzen |b n |2 rdamedia | ||
| 338 | |a Band |b nc |2 rdacarrier | ||
| 490 | 1 | |a Wetenschappelijk Onderzoek- en Documentatiecentrum |v 55 | |
| 500 | |a [Prisoners, drug use] | ||
| 583 | 1 | |a Archivierung prüfen |c 20200919 |f DE-640 |z 2 |2 pdager | |
| 810 | 2 | |a Wetenschappelijk Onderzoek- en Documentatiecentrum |g Den Haag |t Onderzoek en beleid |v 55 |9 55 |w (DE-627)331744325 |w (DE-576)468389032 |w (DE-600)2052295-2 |x 0923-6414 |7 am | |
| 951 | |a BO | ||
| ELC | |b 1 | ||
| LOK | |0 000 xxxxxcx a22 zn 4500 | ||
| LOK | |0 001 2147412996 | ||
| LOK | |0 003 DE-627 | ||
| LOK | |0 004 1090965966 | ||
| LOK | |0 005 19900711000000 | ||
| LOK | |0 008 900711||||||||||||||||ger||||||| | ||
| LOK | |0 040 |a DE-21 |c DE-627 |d DE-21 | ||
| LOK | |0 852 |a DE-21 | ||
| LOK | |0 852 1 |c KB 8 E 405 |9 00 | ||
| LOK | |0 935 |a krim | ||
| LOK | |0 936ln |a k1 | ||
| LOK | |0 939 |a 11-07-90 |b l01 | ||
| ORI | |a SA-MARC-krimdoka001.raw | ||
| SIG | |a UB: KB 8 E 405 | ||
